000 00296nam a2200121Ia 4500
008 190216s9999||||xx |||||||||||||| ||und||
100 _aNijjar G S
245 0 _aFruit Breeding In India
260 _bOxford And Ibh Publishing Co. Pvt Ltd
_c1977
300 _a218p
650 _aBotany
942 _cBK
999 _c1287
_d1287